| 000 | 00595nam a22002057a 4500 | ||
|---|---|---|---|
| 005 | 20180718175126.0 | ||
| 010 | _aENG-112813 | ||
| 020 |
_c375.00 _a9789383420032 |
||
| 035 | _aEN-96345,B-062632 | ||
| 037 | _bDBAD/PUB | ||
| 082 | _a611 | ||
| 100 | _aMitra, Samarendra | ||
| 245 |
_aAnatomy / _cby Samarendra Mitra |
||
| 250 | _a7th ed | ||
| 260 |
_aKolkata _bAcademic Publishers _c2014(repr.) |
||
| 270 |
_a5A Bhawani Dutta Lane, _bKolkata _e700073 |
||
| 300 |
_avarious pagings. : _c24cm(pbk) _bill.(some col.) |
||
| 500 | _aIncludes index | ||
| 942 |
_2ddc _cEN _mMIT _h611 |
||
| 999 |
_c92974 _d92974 |
||